书目信息 |
| 题名: |
AutoCAD 2005中文版入门与提高
|
|
| 作者: | ;郭纪林 编著 ;东方人华 主编 | |
| 分册: | ||
| 出版信息: | 北京 清华大学出版社 2005.8 |
|
| 页数: | XIII,466页 | |
| 开本: | 26cm | |
| 丛书名: | 软件入门与提高丛书 | |
| 单 册: | ||
| 中图分类: | TP391.72 | |
| 科图分类: | ||
| 主题词: | 制图程序--zhi tu cheng xu--基本知识 | |
| 电子资源: | ||
| ISBN: | 7-302-10848-X | |
| 000 | 01001nam0 2200265 45 | |
| 001 | 012005000000 | |
| 005 | 20061114155542.76 | |
| 010 | @a7-302-10848-X@dCNY39.00 | |
| 100 | @a20051027d2005 em y0chiy0121 ea | |
| 101 | 0 | @achi |
| 102 | @aCN@b110000 | |
| 105 | @ay z 000yy | |
| 200 | 1 | @aAutoCAD 2005中文版入门与提高@AAutoCAD 2005 zhong wen ban ru men yu ti gao@f东方人华主编@g郭纪林编著 |
| 210 | @a北京@c清华大学出版社@d2005.8 | |
| 215 | @aXIII,466页@d26cm | |
| 225 | 2 | @a软件入门与提高丛书@Aruan jian ru men yu ti gao cong shu |
| 330 | @a本书详细介绍了AutoCAD 2005的功能和使用。其中包括AutoCAD 2005基础知识、环境设置、图形绘制、编辑、文本及尺寸注、属性查询以及三维绘图基础知识和AutoCAD二次开发等内容。 | |
| 410 | 0 | @12001 @a软件入门与提高丛书 |
| 606 | 0 | @a制图程序@Azhi tu cheng xu@x基本知识 |
| 610 | 0 | @aAutoCAD |
| 690 | @aTP391.72@v4 | |
| 702 | 0 | @a郭纪林@Aguo ji lin@4编著 |
| 711 | 02 | @a东方人华@Adong fang ren hua@4主编 |
| 801 | 0 | @aCN@c20061114 |
| 905 | @a10447@dTP391.72@eD664 | |
| AutoCAD 2005中文版入门与提高/东方人华主编/郭纪林编著.-北京:清华大学出版社,2005.8 |
| XIII,466页;26cm.-(软件入门与提高丛书) |
| ISBN 7-302-10848-X:CNY39.00 |
| 本书详细介绍了AutoCAD 2005的功能和使用。其中包括AutoCAD 2005基础知识、环境设置、图形绘制、编辑、文本及尺寸注、属性查询以及三维绘图基础知识和AutoCAD二次开发等内容。 |
| ● |
| 相关链接 |
|
|
|
正题名:AutoCAD 2005中文版入门与提高
索取号:TP391.72/D664
 
预约/预借
| 序号 | 登录号 | 条形码 | 馆藏地/架位号 | 状态 | 备注 |
| 1 | 638084 | 206380842 | 自科库301/301自科库 65排5列4层/ [索取号:TP391.72/D664] | 在馆 | |
| 2 | 638085 | 206380851 | 期刊室512/301自科库 68排2列3层/ [索取号:TP391.72/D664] | 在馆 | |
| 3 | 638086 | 206380860 | 期刊室512/301自科库 68排2列3层/ [索取号:TP391.72/D664] | 在馆 |